| 000 | 00605ntaaa2200193 4500 | ||
|---|---|---|---|
| 003 | 01 | ||
| 005 | 20251027203335.0 | ||
| 008 | 0714s1973 ag 01 | ||
| 040 |
_aAR-BaBN _bspa _cAR-BaBN _eaacr _dRIC |
||
| 100 |
_aAcosta, Vicente _937192 |
||
| 245 |
_aPrevención del deterioro del liderazgo cristiano en los últimos 30 años / _cVicente Acosta |
||
| 260 |
_aBuenos Aires, _c2014 |
||
| 300 |
_a37 h. ; _c28 cm. |
||
| 500 | _aBibliografía: h. 36-37 | ||
| 502 | _a(licenciatura)-Seminario Internacional Teológico Bautista, 2014 | ||
| 650 | _aTESIS | ||
| 650 |
_aLIDERAZGO CRISTIANO _92438 |
||
| 942 | _cBK | ||
| 999 |
_c28909 _d28909 |
||